| 000 | 00471nam a2200181Ia 4500 | ||
|---|---|---|---|
| 001 | 8139 | ||
| 005 | 20260306160547.0 | ||
| 008 | 260306t2008||||xx |||||||||||||| ||spa|| | ||
| 041 | _aESP | ||
| 082 |
_a370.114 _bI69 |
||
| 100 |
_aIrizar, Liliana Beatriz _eAUT |
||
| 245 | 0 |
_aTras las Huellas del sentido: _bsabiduría y felicidad en Lawrence Dewan |
|
| 260 | _c2008 | ||
| 300 |
_a126 páginas : _c21 cm. |
||
| 650 | _aGEN | ||
| 654 | _aCED | ||
| 942 |
_cLIB _dJUS _fJUS _2ddc _n |
||
| 999 |
_c8139 _d8139 |
||